000 00310nam a22001457a 4500
008 210507b ||||| |||| 00| 0 eng d
020 _a9780071346184
041 _aeng
080 _a004
082 _a004
100 _a28
101 _aSHKI
245 _aSAP Script
_cMichaelson Buchanan
942 _2udc
_cBK
999 _c57095
_d57095